<The> Sociology of industry
Salvato in:
| Altri autori: | |
|---|---|
| Natura: | Libro |
| Lingua: | inglese |
| Pubblicazione: |
London
George Allen and Unwin LTD
1969
|
| Edizione: | 3. ed. |
| Tags: |
Nessun Tag, puoi essere il primo ad aggiungerne!!
|
MARC
| LEADER | 00000nam a2200000 4500 | ||
|---|---|---|---|
| 001 | c122069 | ||
| 005 | 20041019155224.2 | ||
| 041 | 0 | |a eng | |
| 044 | |a GB | ||
| 245 | 1 | 0 | |a <The> Sociology of industry |c Zost. S.R. Parker a kol. |
| 250 | |a 3. ed. | ||
| 264 | 1 | |a London |b George Allen and Unwin LTD |c 1969 | |
| 300 | |a 182 s. | ||
| 500 | |a Menný reg. na s. 179-182 | ||
| 700 | 1 | |a Parker, S.R. | |